Եգիպտոսի, Սուտանի եւ Եթովպիոյ հայերը : (Record no. 525787)
[ view plain ]
| 000 -LEADER | |
|---|---|
| fixed length control field | 01776nam a2200289 a 4500 |
| 001 - CONTROL NUMBER | |
| control field | 1847942 |
| 003 - CONTROL NUMBER IDENTIFIER | |
| control field | AM-YEHGA |
| 005 - DATE AND TIME OF LATEST TRANSACTION | |
| control field | 20250617164539.0 |
| 008 - FIXED-LENGTH DATA ELEMENTS--GENERAL INFORMATION | |
| fixed length control field | 220623s2022 le |||||||||||||||0|arm|d |
| 020 ## - INTERNATIONAL STANDARD BOOK NUMBER | |
| International Standard Book Number | 9789953585499 |
| 040 ## - CATALOGING SOURCE | |
| Original cataloging agency | AM-YeHGA |
| 041 0# - LANGUAGE CODE | |
| Language code of text/sound track or separate title | arm |
| -- | eng |
| 090 ## - LOCALLY ASSIGNED LC-TYPE CALL NUMBER (OCLC); LOCAL CALL NUMBER (RLIN) | |
| -- | 563135 |
| 245 00 - TITLE STATEMENT | |
| Title | Եգիպտոսի, Սուտանի եւ Եթովպիոյ հայերը : |
| Remainder of title | Գիտաժողովի նիւթեր / |
| Statement of responsibility, etc. | Խմբ.՝ Անդրանիկ Տագէսեան ; Հայկազեան համալսարան ; Հայկական սփիւռքի ուսումնասիրութեան կենդրոն. |
| 246 15 - VARYING FORM OF TITLE | |
| Title proper/short title | Armenians of Egypt, Sudan and Ethiopia 1: |
| Remainder of title | Proceedings of the Conference (12-13 April and 29-30 May 2018) / |
| 260 ## - PUBLICATION, DISTRIBUTION, ETC. | |
| Place of publication, distribution, etc. | Բեյրութ : |
| Name of publisher, distributor, etc. | Հայկազյան Համալսարանի տպ., |
| Date of publication, distribution, etc. | 2022. |
| 300 ## - PHYSICAL DESCRIPTION | |
| Extent | հատոր ; |
| Dimensions | 24 սմ. |
| 500 ## - GENERAL NOTE | |
| General note | Գրքի (Հտ. 2) թվային տարբերակը ՀԱԳ-ին է տրամադրել Անդրանիկ Դաքեսյանը։ |
| 505 10 - FORMATTED CONTENTS NOTE | |
| Miscellaneous information | Հ. 1 (2022, 782 էջ : նկ., լուսանկ.) : |
| Title | Եգիպտոսի, Սուտանի եւ Եթովպիոյ հայերը : (12-13 Ապրիլ եւ 29-30 Մայիս 2018) |
| 546 11 - LANGUAGE NOTE | |
| Language note | Բնագիրը՝ հայերեն, անգլերեն, ֆրանսերեն, արաբերեն ; Ամփոփումը՝ հայերեն, անգլերեն : |
| 650 14 - SUBJECT ADDED ENTRY--TOPICAL TERM | |
| Topical term or geographic name entry element | Հայ Սփյուռքի պատմություն |
| General subdivision | Սփյուռքահայություն |
| 700 1# - ADDED ENTRY--PERSONAL NAME | |
| Personal name | Տագէսեան, Անդրանիկ |
| Relator term | խմբ. |
| Relationship | edt |
| 710 2# - ADDED ENTRY--CORPORATE NAME | |
| Corporate name or jurisdiction name as entry element | Հայկական սփիւռքի ուսումնասիրութեան կենդրոն |
| 710 2# - ADDED ENTRY--CORPORATE NAME | |
| Corporate name or jurisdiction name as entry element | Հայկազեան համալսարան |
| 856 41 - ELECTRONIC LOCATION AND ACCESS | |
| Uniform Resource Identifier | <a href="http://haygirk.nla.am/upload/1941-/egiptosi_sutani_2_2023.pdf">http://haygirk.nla.am/upload/1941-/egiptosi_sutani_2_2023.pdf</a> |
| Link text | Կարդալ առցանց (Հտ. 2) |
| 942 ## - ADDED ENTRY ELEMENTS (KOHA) | |
| Source of classification or shelving scheme | Universal Decimal Classification |
| Koha item type | Գրքեր / Books |
| Withdrawn status | Lost status | Source of classification or shelving scheme | Damaged status | Not for loan | Collection | Home library | Current library | Date acquired | Serial enumeration / chronology | Total checkouts | Full call number | Barcode | Date last seen | Price effective from | Koha item type | Public note |
|---|---|---|---|---|---|---|---|---|---|---|---|---|---|---|---|---|
| Universal Decimal Classification | General | Fundamental Scientific Library | Fundamental Scientific Library | 28/07/2022 | Հ. 1 | AII/108722 | FL0671148 | 28/07/2022 | 28/07/2022 | Գրքեր / Books | 30 Days Loan | |||||
| Universal Decimal Classification | General | Fundamental Scientific Library | Fundamental Scientific Library | 18/10/2023 | Հ. 1 | AII/110800 | FL0667975 | 18/10/2023 | 18/10/2023 | Գրքեր / Books | 30 Days Loan |
ՀՀ Գիտությունների ազգային ակադեմիայի հիմնարար գիտական գրադարան = Fundamental Scientific Library of NAS RA
All site content, except where otherwise noted, is licensed under a